000 00632nam a22001815i 4500
001 165996
003 ES-MaACL
005 20251015063149.0
008 050914s1910 fr | |||||||| ||fre d
040 _aCAM
_bspa
_cCAM
100 1 _aTaine, Hippolyte,
_d1828-1893
_9109085
245 1 0 _aÉtienne Mayran
_b: fragments /
_cH. Taine; avec une préface de Paul Bourget.
260 _aParis :
_bLibrairie Hachette et Cie.,
_c1910 (
_eCoulommiers :
_fImp. Paul Brodard)
300 _a234, [1] p. ;
_c19 cm.
700 1 _aBourget, Paul (
_d1852-1935)
_930991
852 _aES-MaACL
_jD-1992
_z-- Rúst.
999 _c165996
_d165996